First Element for each Letter Quiz - Statistics

General Stats
  • This quiz has been taken 20 times
  • The average score is 14 of 23
Answer Stats
Hint Answer % Correct
C Carbon
90%
H Hydrogen
85%
O Oxygen
80%
X Xenon
80%
A Aluminum
75%
N Nitrogen
75%
F Fluorine
70%
U Uranium
70%
Z Zinc
70%
I Iron
65%
L Lithium
65%
V Vanadium
65%
G Gallium
60%
S Sodium
55%
M Magnesium
50%
P Phosphorus
50%
Y Yttrium
50%
D Dysprosium
45%
R Rubidium
45%
T Titanium
45%
E Europium
40%
B Berylium
35%
K Kyrpton
5%
No matching quizzes found
Score Distribution
Percent of People with Each Score
Percentile by Number Answered
Your Score History
You have not taken this quiz